[Event "IX EICC"]
[Site "Plovdiv BUL"]
[Date "2008.04.30"]
[Round "9"]
[White "Gengler,P"]
[Black "Kostic,Neb"]
[Result "1/2-1/2"]
[WhiteElo "2200"]
[BlackElo "2334"]
[EventDate "2008.04.21"]

1. e4 d6 2. d4 Nf6 3. Nc3 e5 4. dxe5 dxe5 5. Qxd8+ Kxd8 6. Nf3 Bd6 7. Ng5
Be6 8. Nxe6+ fxe6 9. Bc4 Ke7 10. Bg5 a6 11. a3 Nbd7 12. O-O-O b5 13. Ba2 h6
14. Bh4 Rhb8 15. f3 b4 16. axb4 Rxb4 17. Rd2 Rab8 18. Nd1 a5 19. Be1 a4 20.
Rxd6 cxd6 21. Bxb4 Rxb4 22. Ne3 Rb8 23. Rd1 Nb6 24. Rd3 Rc8 25. b3 axb3 26.
Rxb3 Nfd7 27. Rb4 g6 28. Bb3 Ra8 29. Kb2 h5 30. Kb1 Ra5 31. Nc4 Nxc4 32.
Bxc4 Ra7 33. Bb3 Nc5 34. Rb8 Rb7 35. Rh8 Kf6 36. Ka2 Rd7 37. Rf8+ Ke7 38.
Rg8 Kf7 39. Rc8 Ra7+ 40. Kb2 Rb7 41. Rh8 Rd7 42. h4 Ke7 43. Rh7+ Kf6 44.
Rxd7 Nxd7 45. Ba4 Nf8 46. g3 Kf7 47. Kc3 g5 48. hxg5 Ng6 49. Kd2 h4 50.
gxh4 Nxh4 51. Ke3 Kg6 52. Kf2 Kxg5 53. Be8 Kf4 54. Bh5 d5 55. exd5 exd5 56.
Bf7 d4 57. Bd5 Nf5 58. Be4 Nd6 59. Bd3 Nb7 60. Ba6 Nc5 61. Bb5 Ne6 62. Ba6
Ng7 63. Bc8 Nh5 64. Bb7 Ng3 65. Bc6 Nf5 66. Be4 Ne3 67. Ke2 Ng4 68. Bc6 Nf6
69. Kf2 Kf5 70. Ke2 Nh5 71. Kd2 Kf4 72. Ke2 Kf5 73. Kf2 Nf4 74. Be4+ Ke6
75. Ke1 Nd5 76. Kd2 Nc3 77. Bb7 Kf5 78. Ke1 Kf4 79. Kf2 Nd1+ 80. Ke2 Ne3
81. Be4 Kg3 1/2-1/2

[Event "IX EICC"]
[Site "Plovdiv BUL"]
[Date "2008.04.30"]
[Round "9"]
[White "Reutsky,S"]
[Black "Kostopoulos,E"]
[Result "1/2-1/2"]
[WhiteElo "2302"]
[BlackElo "2152"]
[EventDate "2008.04.21"]

1. e4 c5 2. Nf3 d6 3. d4 cxd4 4. Nxd4 Nf6 5. Nc3 a6 6. Bg5 e6 7. f4 Qb6 8.
Qd2 Nc6 9. O-O-O Qxd4 10. Qxd4 Nxd4 11. Rxd4 Be7 12. Na4 Bd7 13. Nb6 Rd8
14. Nxd7 Nxd7 15. Bxe7 Kxe7 16. g3 h6 17. Be2 g5 18. Rhd1 gxf4 19. gxf4 Nf6
20. Rb4 Rd7 21. Bf3 Rb8 22. Rb6 Kd8 23. Rbxd6 Rxd6 24. Rxd6+ Kc7 25. e5 Nd7
26. Kd2 Rg8 27. Ke3 Rg1 28. Bxb7 Nxe5 29. fxe5 Kxb7 30. Rd7+ Kc6 31. Rxf7
Kd5 32. Ra7 Rg2 33. Rxa6 Kxe5 34. Ra5+ Kd6 35. Ra6+ Kd5 36. Ra5+ Kd6 37. h4
Rxc2 38. Rb5 Rh2 39. h5 e5 40. Rb6+ Kd5 41. Rxh6 Rxb2 42. Ra6 Rh2 43. h6
Rh3+ 44. Kf2 e4 45. Kg2 Rh4 46. Kg3 Rh1 47. Kf4 Rf1+ 48. Ke3 Rf3+ 49. Ke2
Rh3 50. a4 Kd4 51. Rd6+ Ke5 52. Rb6 Kd4 53. a5 Rh2+ 54. Kf1 e3 55. Rd6+ Ke4
56. a6 e2+ 57. Ke1 Ke3 58. Re6+ Kd3 59. a7 Rh1+ 60. Kf2 Rf1+ 61. Kg2 Rf8
62. Rd6+ 1/2-1/2

[Event "IX EICC"]
[Site "Plovdiv BUL"]
[Date "2008.04.30"]
[Round "9"]
[White "Stanoev,A"]
[Black "Arnaudov,G"]
[Result "1/2-1/2"]
[WhiteElo "2193"]
[BlackElo "2369"]
[EventDate "2008.04.21"]

1. c4 e6 2. Nf3 Nf6 3. b3 c5 4. Bb2 b6 5. g3 Bb7 6. Bg2 Be7 7. O-O O-O 8.
Nc3 d6 9. d4 cxd4 10. Qxd4 a6 11. Rad1 Nbd7 12. Nd2 Bxg2 13. Kxg2 Qc7 14.
Nde4 Rfd8 15. Kg1 Nc5 16. Nxc5 dxc5 17. Qe3 Qc6 18. a4 Kf8 19. Qc1 Ne8 20.
Rxd8 Rxd8 21. Rd1 Nd6 22. Qf4 Bf6 23. e3 h5 24. e4 Bd4 25. Qg5 Rd7 26. Qxh5
Nxe4 27. Nxe4 Qxe4 28. Bxd4 Rxd4 29. Qh8+ Ke7 30. Rf1 Kf6 31. Qc8 Rd3 32.
Qxa6 Rxb3 33. h4 Qd4 34. Kg2 Rb4 35. a5 bxa5 36. Qxa5 Rxc4 37. Qa1 Rc2 38.
Qd1 Qxd1 39. Rxd1 Rc4 40. Rd8 Rd4 41. Rc8 c4 42. Kf3 g6 43. Rc6 Kf5 44.
Rc5+ e5 45. Ke2 f6 46. Rc6 e4 47. Rc5+ Kg4 48. Rc6 g5 49. Rxf6 gxh4 50.
gxh4 Rd3 51. h5 Kxh5 52. Rc6 c3 1/2-1/2

[Event "IX EICC"]
[Site "Plovdiv BUL"]
[Date "2008.04.30"]
[Round "9"]
[White "Sigalas,F"]
[Black "Ljangov,P"]
[Result "1/2-1/2"]
[WhiteElo "2250"]
[BlackElo "2192"]
[EventDate "2008.04.21"]

1. e4 c5 2. Nf3 d6 3. d4 cxd4 4. Nxd4 Nf6 5. Nc3 a6 6. Bc4 e6 7. a3 Be7 8.
O-O O-O 9. Qe2 Nc6 10. Be3 Bd7 11. Ba2 Qc7 12. f4 Nxd4 13. Bxd4 Bc6 14. f5
e5 15. Bf2 Rad8 16. Rad1 b5 17. Rd3 Qb7 18. Bh4 b4 19. axb4 Qxb4 20. Bxf6
Bxf6 21. Rb1 Qc5+ 22. Kh1 a5 23. Bd5 Bb5 24. Nxb5 Qxb5 25. Qd2 Rd7 26. Rb3
Qc5 27. Ra1 Rc7 28. c4 Ra7 29. Ra4 Qd4 30. Qxd4 exd4 31. Kg1 d3 32. Kf2
Bd4+ 33. Ke1 g6 34. fxg6 hxg6 35. Kd2 Be5 36. h3 Kg7 37. Kxd3 f5 38. exf5
Rxf5 39. Bf3 Bf6 40. Rb5 Rf4 41. b3 Rd4+ 42. Kc2 Bd8 43. b4 Rxc4+ 44. Kb3
Rc1 45. Rb7+ Rxb7 46. Bxb7 Rb1+ 47. Kc4 axb4 48. Rxb4 Rxb4+ 49. Kxb4
1/2-1/2

[Event "IX EICC"]
[Site "Plovdiv BUL"]
[Date "2008.04.30"]
[Round "9"]
[White "Kokolias,K"]
[Black "Bozinovic,Bob"]
[Result "1-0"]
[WhiteElo "2211"]
[BlackElo "2134"]
[EventDate "2008.04.21"]

1. e4 d5 2. exd5 Qxd5 3. Nc3 Qa5 4. d4 c6 5. Bc4 Nf6 6. Bd2 Bg4 7. f3 Bf5
8. Nge2 Qd8 9. Ng3 Bg6 10. Qe2 e6 11. O-O-O Bb4 12. d5 cxd5 13. Nxd5 Bxd2+
14. Rxd2 O-O 15. Nf4 Qc7 16. Nxg6 hxg6 17. Ne4 Nxe4 18. Qxe4 Nd7 19. Qe2
Rac8 20. h4 Nf6 21. Bb3 Nh5 22. Qf2 b5 23. Rhd1 a5 24. a3 a4 25. Ba2 Nf6
26. g4 Qc5 27. Qxc5 Rxc5 28. Rd4 Rfc8 29. c3 Kf8 30. Kd2 Ke7 31. Ke3 R8c7
32. Rb4 Nd7 33. Rbd4 Nf6 34. g5 Nd7 35. f4 Nb6 36. Rb4 Rd7 37. Rxd7+ Kxd7
38. c4 Nxc4+ 39. Bxc4 bxc4 40. Kd4 Rf5 41. Ke4 Rc5 42. Rxa4 c3 43. Ra7+ Ke8
44. bxc3 Rxc3 45. a4 Rc1 46. a5 Re1+ 47. Kf3 Rf1+ 48. Ke3 Re1+ 49. Kf2 Re4
50. Kf3 Ra4 51. a6 Kf8 52. Ke3 Kg8 53. Kd3 Rxf4 54. Rb7 Ra4 55. a7 Kh7 56.
Kc3 e5 57. Kd3 Rd4+ 58. Ke3 Ra4 59. Rc7 Ra3+ 60. Ke4 Ra5 61. Rb7 Ra1 62.
Kxe5 Ra6 63. Kd5 Ra1 64. Re7 Ra6 65. Kc5 Ra1 66. Kb6 Rb1+ 67. Kc7 Ra1 68.
Kb8 1-0

[Event "IX EICC"]
[Site "Plovdiv BUL"]
[Date "2008.04.30"]
[Round "9"]
[White "Nitelea,B"]
[Black "Petrusic,T"]
[Result "1-0"]
[WhiteElo "2090"]
[BlackElo "1956"]
[EventDate "2008.04.21"]

1. e4 e6 2. d4 d5 3. exd5 exd5 4. Nf3 Bd6 5. c4 Nf6 6. Nc3 dxc4 7. Bxc4 O-O
8. O-O Bg4 9. h3 Bh5 10. g4 Bg6 11. Ne5 Bxe5 12. dxe5 Qxd1 13. Rxd1 Nfd7
14. f4 Nb6 15. Bb3 h6 16. e6 fxe6 17. f5 Be8 18. fxe6 Kh7 19. e7 Rh8 20.
Bf4 c6 21. Rd8 N8d7 22. Rd1 Nf6 23. Na4 Bg6 24. Nxb6 axb6 25. Rxh8+ Rxh8
26. Rd8 Re8 27. Bd6 Ne4 28. Rxe8 Bxe8 29. Bc7 Ng5 30. Kg2 b5 31. h4 Nf7 32.
Be6 c5 33. Bd5 Kg6 34. Bxb7 Kf6 35. Bd8 Ne5 36. Kg3 Ke6 37. Be4 Nc4 38. b3
Nd6 39. Bc2 b4 40. Bd3 g5 41. h5 Nf7 42. Bf5+ Kd6 43. Bg6 Kd7 44. Bb6 Kc6
45. Ba7 Nd6 46. Kf3 Bd7 47. Bb8 Ne8 48. Be4+ Kb5 49. Be5 c4 50. Bf5 Bc6+
51. Ke3 c3 52. Be6 Kc5 53. Kd3 Bb5+ 54. Kc2 Bc6 55. a4 Be4+ 56. Kd1 Bc6 57.
Ke2 Nd6 58. Kd3 Be4+ 59. Ke3 1-0

[Event "IX EICC"]
[Site "Plovdiv BUL"]
[Date "2008.04.30"]
[Round "9"]
[White "Rigopoulos Tsigkos,A"]
[Black "Kakkanas,E"]
[Result "0-1"]
[WhiteElo "1980"]
[BlackElo "2058"]
[EventDate "2008.04.21"]

1. e4 e5 2. Nf3 Nc6 3. Bc4 Nf6 4. d3 Be7 5. Bg5 d6 6. Nbd2 Na5 7. a4 Nxc4
8. Nxc4 O-O 9. Ne3 g6 10. Qc1 c6 11. O-O Kh8 12. c3 Ng8 13. Nc4 f6 14. Bd2
Be6 15. Qe1 Rf7 16. Na3 Bg4 17. Qd1 f5 18. h3 fxe4 19. Nxe5 dxe5 20. Qxg4
Qxd3 21. Be3 Nf6 22. Qg3 Bxa3 23. Rxa3 Qd6 24. Raa1 Nd5 25. Rad1 Qe6 26.
Bc5 b6 27. Ba3 e3 28. fxe3 c5 29. c4 Nf6 30. e4 Raf8 31. b3 Nh5 32. Qe3 Nf4
33. Bb2 Qf6 0-1

[Event "IX EICC"]
[Site "Plovdiv BUL"]
[Date "2008.04.30"]
[Round "9"]
[White "Tzouganakis,P"]
[Black "Ivanov L.,S"]
[Result "1/2-1/2"]
[WhiteElo "1900"]
[BlackElo "2129"]
[EventDate "2008.04.21"]

1. e4 c5 2. Nf3 d6 3. d4 cxd4 4. Nxd4 Nf6 5. Nc3 a6 6. Be3 e5 7. Nb3 Be6 8.
Be2 Be7 9. O-O O-O 10. a4 Nbd7 11. a5 Rc8 12. f3 Qc7 13. Qd2 Rfd8 14. Rfd1
d5 15. exd5 Nxd5 16. Nxd5 Bxd5 17. Qxd5 Nf6 18. Qc4 Rxd1+ 19. Rxd1 Qxc4 20.
Bxc4 Rxc4 21. c3 Kf8 22. Kf2 Ke8 23. Ke2 Rc6 24. Rd2 Nd7 25. Rd3 Bd6 26.
Nd2 f5 27. Nc4 Bc7 28. b3 Ke7 29. Rd1 Nc5 30. Nd2 Nd7 31. Nc4 Ke6 32. Kd2
Nf6 33. Kc2 Ne8 34. Bb6 Nd6 35. Nxd6 Bxd6 36. c4 Be7 37. Kc3 Rd6 38. Rxd6+
Kxd6 39. b4 Kc6 40. Be3 Bd6 41. c5 Be7 42. Kc4 Bh4 43. g3 Bf6 44. Bd2 e4
45. f4 h6 46. h4 g6 47. Be3 Bd8 48. Bd2 Bf6 49. Be3 Bb2 50. Bd2 Bf6 51. Be3
Bb2 52. Bd2 1/2-1/2

[Event "IX EICC"]
[Site "Plovdiv BUL"]
[Date "2008.05.01"]
[Round "10"]
[White "Fressinet,L"]
[Black "Macieja,B"]
[Result "1-0"]
[WhiteElo "2656"]
[BlackElo "2599"]
[EventDate "2008.04.21"]

1. e4 e5 2. Nf3 Nf6 3. Nxe5 d6 4. Nf3 Nxe4 5. d4 d5 6. Bd3 Nc6 7. O-O Be7
8. Nc3 Nxc3 9. bxc3 Bg4 10. Re1 O-O 11. Bf4 Bd6 12. Bxd6 cxd6 13. Re3 Na5
14. h3 Bh5 15. Rb1 a6 16. Qe2 b5 17. Re1 Nc4 18. Bxc4 bxc4 19. Re7 Qa5 20.
Qe3 Qxa2 21. Nh4 Qxc2 22. Qg5 Bg6 23. Qxd5 a5 24. Qxa8 1-0

[Event "IX EICC"]
[Site "Plovdiv BUL"]
[Date "2008.05.01"]
[Round "10"]
[White "Sokolov,And1"]
[Black "Sargissian,G"]
[Result "1/2-1/2"]
[WhiteElo "2596"]
[BlackElo "2643"]
[EventDate "2008.04.21"]

1. e4 e5 2. Nf3 Nc6 3. Bb5 a6 4. Ba4 Nf6 5. O-O Be7 6. Re1 b5 7. Bb3 O-O 8.
h3 Bb7 9. d3 d5 10. exd5 Nxd5 11. c3 Qd7 12. d4 exd4 13. cxd4 Bb4 14. Bd2
Rad8 15. Nc3 Nf6 16. Be3 Na5 17. Ne5 Qd6 18. Nd3 Nxb3 19. Qxb3 Ba5 20. Nc5
Ba8 21. Qa3 Bb6 22. Nxa6 Qc6 23. d5 Nxd5 24. Nxd5 Qxd5 25. f3 Qc6 26. Nb4
Qg6 27. Bxb6 Qxb6+ 28. Qe3 Qxe3+ 29. Rxe3 c5 30. Nd3 c4 31. Nb4 Rd2 32. b3
Bd5 1/2-1/2

[Event "IX EICC"]
[Site "Plovdiv BUL"]
[Date "2008.05.01"]
[Round "10"]
[White "Istratescu,A"]
[Black "Pavasovic,D"]
[Result "1/2-1/2"]
[WhiteElo "2628"]
[BlackElo "2595"]
[EventDate "2008.04.21"]

1. c4 e6 2. d4 d5 3. Nf3 Nf6 4. Bg5 dxc4 5. Qa4+ Nbd7 6. e3 c6 7. Bxf6 Qxf6
8. Qxc4 e5 9. Nc3 exd4 10. Qxd4 Be7 11. Bd3 Nc5 12. Bc2 Be6 13. O-O-O Rd8
14. Qxf6 Bxf6 15. Nd4 Bc8 16. Rd2 g6 17. h3 Ke7 18. Rhd1 Rd7 19. b4 Ne6 20.
Nce2 Rhd8 21. Bb3 Nxd4 22. Nxd4 Rd6 23. Ne2 Be5 24. a3 h5 25. Rxd6 Bxd6 26.
Nc3 Bf5 27. Bc2 Be6 28. Ne4 Bc7 29. Nc5 Rxd1+ 30. Bxd1 Bc8 31. Bb3 a5 32.
Kd2 axb4 33. axb4 Bd6 34. Kc3 h4 35. f3 Be5+ 36. Kd2 b6 37. Nd3 Bd6 38. Kc3
f5 39. Bc4 Bd7 40. Bb3 Kf6 41. Bc2 g5 42. Bd1 Be7 43. Be2 Ke6 44. Bd1 Kd6
45. Bb3 g4 46. hxg4 fxg4 47. fxg4 Bxg4 48. Nf2 Bd7 49. Bd1 c5 50. bxc5+
bxc5 51. Bf3 Be6 52. Ne4+ Ke5 53. Nd2 Kf5 54. Nc4 Bf6+ 55. Kd3 Be5 56. Be4+
Kf6 57. Bf3 Bc7 58. Nd2 Ke7 59. Nc4 Kd7 60. Bb7 Bg3 61. Bf3 Kc7 62. Be4 Kb8
63. Bc6 Kc7 64. Bf3 Bf5+ 65. Be4 Bg4 66. Bd5 Bd7 67. e4 Bb5 68. Ke3 Bxc4
1/2-1/2

[Event "IX EICC"]
[Site "Plovdiv BUL"]
[Date "2008.05.01"]
[Round "10"]
[White "Iotov,V"]
[Black "Mamedov,Rau"]
[Result "0-1"]
[WhiteElo "2531"]
[BlackElo "2617"]
[EventDate "2008.04.21"]

1. Nf3 g6 2. c4 Bg7 3. Nc3 d6 4. d4 Bg4 5. Bg5 c6 6. e3 Nf6 7. Be2 h6 8.
Bh4 O-O 9. O-O Nbd7 10. Nd2 Bxe2 11. Qxe2 e5 12. Rad1 Qe7 13. d5 c5 14. e4
a6 15. a3 Qe8 16. Bxf6 Bxf6 17. b4 Bd8 18. Rb1 b6 19. Qd1 f5 20. Rb2 Nf6
21. a4 Rc8 22. Qc2 f4 23. a5 cxb4 24. Rxb4 bxa5 25. Rb7 g5 26. Qa4 Qh5 27.
Rfb1 g4 28. f3 Kh8 29. fxg4 Qxg4 30. Qd1 Rg8 31. Qf1 Qh5 32. Qe2 Qxe2 33.
Nxe2 a4 34. Rf7 Rg7 35. Rf8+ Kh7 36. c5 Nd7 37. Rxd8 Rxd8 38. c6 Nc5 39. g3
a3 40. Kg2 Rb8 41. Rxb8 a2 42. Rb1 axb1=Q 43. Nxb1 Nxe4 44. Nbc3 Nf6 45.
Kf3 fxg3 46. Nxg3 Kg6 47. Ke3 Ne8 48. h4 h5 49. Na4 Rf7 50. Ne4 Rf4 51. Nb6
Rxh4 52. Nc8 Rxe4+ 53. Kxe4 Kf6 54. Nb6 a5 55. Nd7+ Ke7 56. Nb6 h4 57. Kf3
Kd8 58. Kg4 Kc7 59. Na8+ Kb8 60. Nb6 Ka7 61. Nc4 a4 62. Kxh4 Ka6 63. Kg4
Kb5 64. Ne3 Kc5 65. Kf5 Nc7 0-1

[Event "IX EICC"]
[Site "Plovdiv BUL"]
[Date "2008.05.01"]
[Round "10"]
[White "Parligras,M"]
[Black "Ivanisevic,I"]
[Result "1/2-1/2"]
[WhiteElo "2561"]
[BlackElo "2649"]
[EventDate "2008.04.21"]

1. e4 e5 2. Nf3 Nc6 3. Bb5 a6 4. Ba4 Nf6 5. O-O Be7 6. Re1 b5 7. Bb3 O-O 8.
h3 Bb7 9. d3 d5 10. exd5 Nxd5 11. Nxe5 Nd4 12. Bd2 Qd6 13. Nc3 Nxb3 14.
axb3 Nb4 15. Bf4 Rae8 16. Ne4 Qd5 17. c4 Qd4 18. Re3 f5 19. Nf3 Qxb2 20.
Rb1 Qc2 21. Ned2 Qxd1+ 22. Rxd1 Bf6 23. d4 Nc2 24. Rxe8 Rxe8 25. d5 c6 26.
d6 c5 27. cxb5 axb5 28. Rc1 Nd4 29. Nxd4 Bxd4 30. Bg5 Bc6 31. Nf3 Re4 32.
Nxd4 Rxd4 33. Rxc5 Rxd6 34. Rxf5 Rd5 1/2-1/2

[Event "IX EICC"]
[Site "Plovdiv BUL"]
[Date "2008.05.01"]
[Round "10"]
[White "Romanov,E"]
[Black "Galkin,A"]
[Result "0-1"]
[WhiteElo "2547"]
[BlackElo "2606"]
[EventDate "2008.04.21"]

1. d4 d5 2. Nf3 e6 3. Bf4 c5 4. e3 Nf6 5. Nbd2 Qb6 6. Rb1 Nc6 7. dxc5 Bxc5
8. b4 Be7 9. c4 Bxb4 10. a3 Bxd2+ 11. Nxd2 Qc5 12. Bd3 Qxa3 13. Rb3 Qe7 14.
O-O O-O 15. Bg5 h6 16. Bh4 b6 17. e4 dxc4 18. Nxc4 e5 19. f4 Be6 20. Kh1
exf4 21. Rb5 Rfd8 22. Qb1 Qd7 23. Nb2 Nd4 24. e5 Ng4 25. Rb4 g5 26. Rd1 Qe7
27. Rxd4 Rxd4 28. Bh7+ Kg7 29. Rxd4 gxh4 30. h3 Nf2+ 31. Kh2 Qg5 32. Nd1 f3
0-1

[Event "IX EICC"]
[Site "Plovdiv BUL"]
[Date "2008.05.01"]
[Round "10"]
[White "Spasov,V"]
[Black "Magalashvili,Da"]
[Result "1/2-1/2"]
[WhiteElo "2579"]
[BlackElo "2462"]
[EventDate "2008.04.21"]

1. e4 c5 2. Nf3 d6 3. d4 cxd4 4. Nxd4 Nf6 5. Nc3 a6 6. Be3 e5 7. Nf3 Qc7 8.
a4 Be7 9. a5 O-O 10. Be2 h6 1/2-1/2

[Event "IX EICC"]
[Site "Plovdiv BUL"]
[Date "2008.05.01"]
[Round "10"]
[White "Jojua,D"]
[Black "Mamedov,Nid"]
[Result "1-0"]
[WhiteElo "2463"]
[BlackElo "2577"]
[EventDate "2008.04.21"]

1. d4 Nf6 2. c4 g6 3. Nc3 Bg7 4. e4 d6 5. Nf3 O-O 6. h3 a6 7. Bd3 c5 8. d5
b5 9. O-O b4 10. Ne2 e5 11. Ng3 Nbd7 12. Be3 a5 13. a4 Kh8 14. Qc2 Ng8 15.
Rae1 Bh6 16. b3 Bxe3 17. fxe3 Ndf6 18. Nh2 h5 19. Qf2 Nh7 20. Nf3 Nh6 21.
Ne2 Bd7 22. Qh4 f6 23. Nh2 Kg7 24. Rd1 Qe7 25. Kf2 g5 26. Qxh5 f5 27. Kg1
fxe4 28. Bxe4 Be8 29. Rxf8 Bxh5 30. Rxa8 Bxe2 31. Re1 Nf6 32. Bf3 Bd3 33.
e4 Qb7 34. Rxa5 Ne8 35. Rb5 Qa7 36. a5 Nc7 37. Rb6 Nf7 38. Ra1 Bc2 39. Bh5
Bxe4 40. Bxf7 Kxf7 41. Rxd6 Nxd5 42. Ng4 Ke7 43. Rh6 Nf4 44. Re1 Qa8 45.
Nxe5 Bxg2 46. Rh7+ Ke6 47. Rh8 Qb7 48. Ng4+ Kf5 49. Re5+ Kg6 1-0

[Event "IX EICC"]
[Site "Plovdiv BUL"]
[Date "2008.05.01"]
[Round "10"]
[White "Marin,Mi"]
[Black "Delchev,A"]
[Result "1/2-1/2"]
[WhiteElo "2556"]
[BlackElo "2639"]
[EventDate "2008.04.21"]

1. c4 e6 2. g3 Nf6 3. Bg2 d5 4. d4 Bb4+ 5. Bd2 Be7 6. Nf3 O-O 7. O-O c6 8.
Qc2 b6 9. Rd1 Nbd7 10. b3 a5 1/2-1/2

[Event "IX EICC"]
[Site "Plovdiv BUL"]
[Date "2008.05.01"]
[Round "10"]
[White "Sulskis,S"]
[Black "Fedorov,Alex"]
[Result "1/2-1/2"]
[WhiteElo "2553"]
[BlackElo "2603"]
[EventDate "2008.04.21"]

1. e4 c5 2. Nf3 Nc6 3. d4 cxd4 4. Nxd4 e5 5. Nb5 d6 6. c4 Be7 7. b3 f5 8.
Ba3 Nf6 9. N1c3 Qa5 10. Qd2 O-O 11. Nd5 Qxd2+ 12. Kxd2 Nxe4+ 13. Ke1 Rd8
14. f3 Nc5 15. Nxe7+ Nxe7 16. Rd1 b6 17. Rxd6 Rxd6 18. Nxd6 a5 19. Be2 Nc6
20. Kf2 Nb4 21. Rd1 Be6 22. Nb5 Kf7 23. Rd2 Ke7 24. Rd6 Rb8 25. Bb2 Rd8 26.
Rxd8 Kxd8 27. Ke3 Nxa2 28. Bxe5 Nxb3 29. Bxg7 Nb4 30. Na3 a4 31. h4 Ke7 32.
h5 Nc6 33. g4 Kf7 34. Bc3 h6 35. Kf4 Ncd4 36. Bd1 fxg4 37. fxg4 Bd7 38. Ke5
Ne6 39. Nb5 Bxb5 40. cxb5 Nec5 41. Kf5 Ne6 42. Ke5 Nec5 43. Be2 a3 44. Bc4+
Kg7 45. Kd6+ Kh7 46. Ke7 a2 47. Kf8 Nd7+ 48. Kf7 Ndc5 49. Kf8 Nd7+ 50. Ke7
Ndc5 51. Bf7 a1=Q 52. Bg6+ Kg8 53. Bf7+ Kh7 54. Bg6+ Kg8 55. Bf7+ 1/2-1/2

[Event "IX EICC"]
[Site "Plovdiv BUL"]
[Date "2008.05.01"]
[Round "10"]
[White "Zhigalko,A"]
[Black "Bartel,Mat"]
[Result "1/2-1/2"]
[WhiteElo "2545"]
[BlackElo "2588"]
[EventDate "2008.04.21"]

1. e4 e6 2. d4 d5 3. Nc3 Nf6 4. e5 Nfd7 5. f4 c5 6. Nf3 Nc6 7. Be3 Be7 8.
Qd2 O-O 9. dxc5 Qa5 10. Bd3 Nxc5 11. O-O Nxd3 12. cxd3 d4 13. Nxd4 Nxd4 14.
Bxd4 Rd8 15. Be3 Qa6 16. Rad1 b5 17. a3 b4 18. axb4 Bxb4 19. d4 Bb7 20. f5
exf5 21. Rxf5 Bxc3 22. bxc3 Be4 23. Rf4 Bd5 24. Rg4 Qe6 25. h3 h5 26. Rg5
a5 27. Rf1 a4 28. Rf6 a3 29. Rxg7+ Kxg7 30. Bh6+ Kh7 31. Bf8 Rxf8 32. Qh6+
Kg8 33. Qg5+ Kh7 34. Qxh5+ Kg7 35. Qg5+ Kh7 36. Qh6+ 1/2-1/2

[Event "IX EICC"]
[Site "Plovdiv BUL"]
[Date "2008.05.01"]
[Round "10"]
[White "Stocek,J"]
[Black "Janev,E"]
[Result "0-1"]
[WhiteElo "2584"]
[BlackElo "2472"]
[EventDate "2008.04.21"]

1. d4 d6 2. Nc3 Nf6 3. Bf4 c6 4. e4 Qa5 5. e5 dxe5 6. dxe5 Nd5 7. Bd2 Bf5
8. Bc4 Nb4 9. e6 fxe6 10. Bb3 Nd7 11. a3 Qe5+ 12. Nce2 Nd5 13. Nf3 Qc7 14.
O-O O-O-O 15. Re1 Nc5 16. Ned4 g6 17. Qe2 Bg7 18. Ba2 Kb8 19. Rad1 Rd7 20.
h3 Rhd8 21. Qc4 Nb6 22. Qxc5 Bxd4 23. Qb4 c5 24. Qa5 Bxb2 25. g4 Bxc2 26.
Ng5 Bd4 27. Kg2 Bxd1 28. Rxd1 Bxf2 29. Kxf2 Qh2+ 30. Ke3 Rd3+ 0-1

[Event "IX EICC"]
[Site "Plovdiv BUL"]
[Date "2008.05.01"]
[Round "10"]
[White "Aleksandrov,A"]
[Black "Berescu,A"]
[Result "1-0"]
[WhiteElo "2582"]
[BlackElo "2481"]
[EventDate "2008.04.21"]

1. d4 Nf6 2. c4 e6 3. Nc3 Bb4 4. e3 O-O 5. Bd3 d5 6. Nf3 c5 7. O-O dxc4 8.
Bxc4 Qe7 9. a3 Ba5 10. Qe2 Rd8 11. Rd1 Nc6 12. h3 a6 13. Bd3 e5 14. dxe5
Nxe5 15. Nxe5 Qxe5 16. f4 Qe7 17. e4 Bxc3 18. bxc3 c4 19. Bc2 Bf5 20. Re1
Re8 21. e5 Bxc2 22. Qxc2 Nd7 23. a4 Nc5 24. Ba3 Qc7 25. Kh2 Nd3 26. Re4 f6
27. Qa2 b5 28. Rd4 Rad8 29. Bd6 Qf7 30. axb5 axb5 31. Qa6 fxe5 32. fxe5 b4
33. cxb4 Nxe5 34. Bxe5 Rxd4 35. Bxd4 Qf4+ 36. Kh1 Qxd4 37. b5 Qd2 38. Rg1
c3 39. b6 Qd6 40. Qb5 Qb8 41. b7 h6 42. Rb1 Re7 43. Qc4+ Kh7 44. Qc8 Re8
45. Qxc3 Rd8 46. Qc2+ Kh8 47. Qc6 Kh7 48. Qe4+ Kh8 49. Qe7 Rd4 50. Rc1 Kh7
51. Rc7 1-0

[Event "IX EICC"]
[Site "Plovdiv BUL"]
[Date "2008.05.01"]
[Round "10"]
[White "Miladinovic,I"]
[Black "Sanikidze,T"]
[Result "1/2-1/2"]
[WhiteElo "2579"]
[BlackElo "2458"]
[EventDate "2008.04.21"]

1. d4 d5 2. Bg5 h6 3. Bh4 c6 4. Nf3 Qb6 5. b3 Bf5 6. e3 Nd7 7. Bd3 Bxd3 8.
Qxd3 e6 9. O-O Be7 10. Bg3 Ngf6 11. Ne5 Nxe5 12. Bxe5 O-O 13. c4 Nd7 14.
Bg3 dxc4 15. bxc4 c5 16. Nc3 cxd4 17. exd4 Rac8 18. c5 Qa5 19. Qb5 Qxc3 20.
Qxd7 Bf6 21. Qxb7 Bxd4 22. Rac1 Qa3 23. c6 e5 24. Kh1 Qxa2 25. f4 Be3 26.
Rce1 Qc4 27. f5 f6 28. Qb1 Bd4 29. Rc1 Qd5 30. Qc2 Rc7 31. Qc4 Rd8 32. Rfd1
Kh7 33. h3 Rcc8 34. Qa6 Rc7 35. Qc4 Qxc4 36. Rxc4 Rcc8 37. Bh2 Rd6 38. Rdc1
Be3 39. Re1 Bd4 40. Rec1 Rc7 41. g4 Kg8 42. Kg2 Kf7 43. Kf3 Bb6 44. Ke4 Rc8
45. h4 Rcd8 46. c7 Rc8 47. Bg1 Ke7 48. g5 hxg5 49. hxg5 fxg5 50. Bh2 Bd4
51. Bxe5 Bxe5 52. Kxe5 Kd7 53. Ke4 g6 54. fxg6 Rxg6 55. Kf5 1/2-1/2

[Event "IX EICC"]
[Site "Plovdiv BUL"]
[Date "2008.05.01"]
[Round "10"]
[White "Chirila,I"]
[Black "Meier,Geo"]
[Result "1-0"]
[WhiteElo "2422"]
[BlackElo "2560"]
[EventDate "2008.04.21"]

1. e4 e6 2. d4 d5 3. e5 c5 4. c3 Nc6 5. Nf3 Qb6 6. a3 Nh6 7. b4 cxd4 8.
cxd4 Nf5 9. Bb2 Bd7 10. g4 Nfe7 11. Nc3 Na5 12. Nd2 Rc8 13. Rb1 Nc4 14.
Bxc4 dxc4 15. Nde4 Ng6 16. Bc1 Bc6 17. Be3 Bxe4 18. Nxe4 Qc6 19. f3 h5 20.
b5 Qd7 21. O-O Bxa3 22. h3 Be7 23. Nc3 hxg4 24. hxg4 f6 25. f4 Nh4 26. Rb2
f5 27. Rh2 fxg4 28. Qxg4 Kf7 29. d5 g6 30. Kf2 Nf5 31. Rfh1 Rxh2+ 32. Rxh2
Rg8 33. d6 Bd8 34. Rh7+ Rg7 35. Rh8 Qc8 36. Qg5 Rg8 37. Rxg8 Kxg8 38. Qxg6+
Kf8 39. Qh7 Ng7 40. Ne4 Kf7 41. d7 1-0

[Event "IX EICC"]
[Site "Plovdiv BUL"]
[Date "2008.05.01"]
[Round "10"]
[White "Miroshnichenko,E"]
[Black "Brkic,A"]
[Result "0-1"]
[WhiteElo "2642"]
[BlackElo "2521"]
[EventDate "2008.04.21"]

1. Nf3 Nf6 2. c4 e6 3. d4 d5 4. Bg5 h6 5. Bxf6 Qxf6 6. Nc3 Bb4 7. Qb3 c5 8.
cxd5 exd5 9. a3 Bxc3+ 10. bxc3 c4 11. Qb5+ Qc6 12. Rb1 O-O 13. e4 dxe4 14.
Ne5 Qxb5 15. Rxb5 Nd7 16. Nxc4 b6 17. Ne3 Rd8 18. Kd2 Bb7 19. Bc4 Rac8 20.
Rf5 Nf6 21. Ba2 Rc7 22. Rb1 Rdc8 23. Rc1 Ne8 24. c4 Rd8 25. d5 Nd6 26. Rf4
Bc8 27. f3 Re8 28. Bb1 exf3 29. Rxf3 Rc5 30. Bd3 Ba6 31. Rf4 b5 32. Rd4
bxc4 33. Bxc4 Rxe3 34. Bxa6 Rxc1 35. Kxe3 Nf5+ 36. Kd2 Nxd4 37. Kxc1 Kf8
38. Kd2 Ke7 39. Kc3 Nf5 40. Bd3 Ne3 41. Be4 Kd6 42. Kd4 Ng4 43. h3 Ne5 44.
g3 g6 45. Bg2 f5 46. Bf1 Nf3+ 47. Ke3 Ne5 48. Kd4 Nf3+ 49. Ke3 Ng5 50. Kd4
Ne4 51. g4 Nd2 52. Bd3 Nf3+ 53. Ke3 fxg4 54. hxg4 Ne5 55. Be2 Kxd5 56. Kf4
Nf7 57. a4 a5 58. Bd3 Ne5 59. Be2 g5+ 60. Kf5 Kd4 61. Bd1 Nc4 62. Kg6 Ke5
63. Kxh6 Kf4 64. Kh5 Ne3 65. Be2 Nd5 66. Ba6 Nf6+ 67. Kg6 Nxg4 68. Bb7 Ne5+
69. Kf6 Nd3 70. Bc6 Nc5 71. Ke7 Ke5 0-1

[Event "IX EICC"]
[Site "Plovdiv BUL"]
[Date "2008.05.01"]
[Round "10"]
[White "Kobalia,M"]
[Black "Rusev,K"]
[Result "1-0"]
[WhiteElo "2627"]
[BlackElo "2516"]
[EventDate "2008.04.21"]

1. e4 c5 2. Nf3 d6 3. c3 Nf6 4. h3 e6 5. Bd3 Be7 6. Bc2 O-O 7. O-O b6 8. d4
Ba6 9. Re1 Nbd7 10. Nbd2 Qc7 11. e5 Nd5 12. Ne4 dxe5 13. dxe5 Rfd8 14. Bd2
Nf8 15. Qb1 Ng6 16. Neg5 Rd7 17. Be4 Bxg5 18. Bxg5 Bb7 19. h4 Nde7 20. h5
Nf8 21. h6 gxh6 22. Bxh6 Nfg6 23. Bg5 Rad8 24. Bf6 h6 25. Qc2 Kh7 26. Re3
Bc6 27. Rae1 Qb7 28. Qe2 Bxe4 29. Rxe4 Rd3 30. Nd4 c4 31. Qh5 Rd7 32. Nf3
Nf5 33. Ng5+ Kg8 34. Nxe6 Rd1 35. Qxf5 1-0

[Event "IX EICC"]
[Site "Plovdiv BUL"]
[Date "2008.05.01"]
[Round "10"]
[White "Miton,K"]
[Black "Nanu,C"]
[Result "1/2-1/2"]
[WhiteElo "2620"]
[BlackElo "2515"]
[EventDate "2008.04.21"]

1. d4 e6 2. Nf3 c5 3. c4 cxd4 4. Nxd4 Nf6 5. g3 Nc6 6. Bg2 Qb6 7. Nc2 Be7
8. O-O O-O 9. Nc3 d6 10. b3 a6 11. Bb2 Bd7 12. Qd2 Rfd8 13. Rfd1 Rac8 14.
Rac1 Ne5 15. Ba1 Qa7 16. Nd4 Qb8 17. a4 Nc6 18. Nc2 b6 19. h3 Na5 20. Rb1
Bc6 21. e4 Ba8 22. Qe2 Nb7 23. Nd4 Nc5 24. Kh2 Bf8 25. Nc2 Bb7 26. f3 Ncd7
27. Ne3 Qa8 28. Rd2 Qb8 29. Re1 h5 30. f4 h4 31. Nf1 Nc5 32. Qd1 Qa8 33.
Rd4 e5 34. fxe5 dxe5 35. Rxd8 Rxd8 36. Qc2 Nd3 37. Re2 hxg3+ 38. Nxg3 Nf4
39. Re1 Bb4 40. Rf1 Nxg2 41. Qxg2 Bxc3 42. Bxc3 Bxe4 43. Qf2 Bg6 44. Bxe5
Ne4 45. Nxe4 Qxe4 46. Re1 Qc6 47. Bf4 Rd3 48. Re3 Rd1 49. Re1 Rxe1 50. Qxe1
b5 51. axb5 axb5 52. Qd2 bxc4 1/2-1/2